| 000 | 00534cam a2200217 4500 | ||
|---|---|---|---|
| 001 | H38 | ||
| 008 | 090401t1981 xxu||||| |||| 00| 0 eng d | ||
| 035 | _a(Sirsi) u36582 | ||
| 041 | _aeng | ||
| 050 | _a694 | ||
| 110 | _aBuilding Research Establishment | ||
| 245 | _aTatajuba | ||
| 260 |
_aGarston, Watford _bBuilding Research Establishment _c1981 |
||
| 300 | _a2p. ; 30cm. | ||
| 350 | _a0 | ||
| 490 |
_aBRE Information Paper _v8/81 s |
||
| 650 | _aTIMBER | ||
| 690 | _aBUILT ENVIRONMENT | ||
| 942 | _n0 | ||
| 948 | _c04/03/1997 | ||
| 999 |
_c90341 _d90341 |
||